000 00969nam a2200229Ia 4500
999 _c49957
_d49957
001 16893
003 GE_BSU
005 20221222162711.0
008 181216s1985ge xx |||||||||||||| ||geo||
040 _cGE_BSU
041 _ageo
080 _a821.161.1-32 ტ-67
100 _aტოლსტოი, ლევ (1828-1910)
_916531
245 _aღვთისა და კაცისა :
_bმოთხრობები /
_cლევ ტოლსტოი ; თარგმნა და შენიშვნ. დაურთო ნოდარ ებრალიძემ.
264 _aთბილისი :
_bგანათლება,
_c1985.
300 _a446 გვ. ;
_b 21 სმ.
501 _aშენიშვნ გვ.422
653 _aმოთხრობები
653 _aღვთისა და კაცისა
700 _aებრალიძე, ნოდარ
_eმთარგმნელი
_916532
942 _cBK
_2udc